| 000 | 00577nam a2200229Ia 4500 | ||
|---|---|---|---|
| 003 | OSt | ||
| 005 | 20220926040353.0 | ||
| 006 | a|||||r|||| 00| 0 | ||
| 007 | ta | ||
| 008 | 220923b |||||||| |||| 00| 0 eng d | ||
| 037 | _cGeneral Book | ||
| 040 |
_aRTL _cRTL _beng |
||
| 041 |
_2eng _aeng |
||
| 082 | _aXsn1:N27, H3 | ||
| 110 |
_aLeague Of Nations _910770 |
||
| 245 | 0 | _aStatistical yearbook,1941-42 | |
| 260 | _c1943 | ||
| 300 |
_a280p. _ccm. |
||
| 700 |
_aLeague Of Nations _910771 |
||
| 942 |
_hXsn1:N27, H3 _cGB _2CC |
||
| 999 |
_c664649 _d664649 |
||